000 00462nam a2200181Ia 4500
001 11229
005 20260306161931.0
008 260306t2018||||xx |||||||||||||| ||spa||
041 _aESP
082 _a985.019
_bM61G
100 _aMinisterio de Cultura del Perú
_eAUT
245 0 _aGuía de identificación y registro del Qhapaq Ñan
260 _c2018
300 _a94 páginas :
_c30 cm.
650 _aGEN
654 _aCHU
942 _cLIB
_dJUS
_fJUS
_2ddc
_n
999 _c11229
_d11229